| 000 | 01189nam a2200301Ia 4500 | ||
|---|---|---|---|
| 999 |
_c5163 _d5163 |
||
| 003 | OSt | ||
| 005 | 20200407134110.0 | ||
| 008 | 191128s2004 xx a gr 000 0 spa d | ||
| 020 | _a9589262368 | ||
| 040 |
_aCO-JMCR _cCO-JMCR |
||
| 041 | 0 | _aspa | |
| 082 | 0 | 4 |
_a323.01 / _bG371a _221 |
| 100 | 1 |
_aGiraldo, Mauricio, _eautor _92684 |
|
| 245 | 1 | 0 |
_aEl alca y el derecho al trabajo : _bdignidad arrinconada / _cMauricio Giraldo y Martín Ossa |
| 260 |
_aBogotá : _bPlataforma Colombiana de Derechos Humanos, _c2004 |
||
| 300 |
_a109 páginas : _bilustraciones a blanco y negro ; _c17 cm. |
||
| 490 | 0 |
_aAlcatemas ; _v5 |
|
| 500 | _a | ||
| 504 | _aBibliografía: páginas 105-109 | ||
| 505 | 0 | _aVersiones del derecho al trabajo -- El capital y el trabajo en América Latina -- América Latina y sus posibilidades en el Alca -- Convenios Oit vs acuerdo Alca | |
| 650 | 1 | 4 |
_aDerecho al trabajo _zAmérica Latina _92685 |
| 650 | 1 | 4 |
_aIglesia y trabajo _zAmérica Latina _92686 |
| 650 | 1 | 4 |
_aTrabajo y trabajadores _92687 |
| 650 | 1 | 4 |
_aLibre comercio _92688 |
| 650 | 1 | 4 |
_aTratados comerciales _zAmérica Latina _92689 |
| 700 | 1 |
_aOssa, Martin, _eautor _92690 |
|
| 942 |
_2ddc _cBK |
||